Statistics for "Hello" in some European languages

Click here to take the quiz!

General Stats

  • This quiz has been taken 32 times
  • The average score is 8 of 18

Answer Stats

HintAnswer% Correct
EnglishHello
97%
FrenchBonjour
90%
ItalianCiao
90%
SpanishHola
90%
GermanGuten Tag
86%
NorwegianHallo
79%
RussianPrivet
45%
SwedishGod dag
38%
RomanianSalut
28%
CzechAhoj
21%
SlovakAhoj
21%
EstonianTere
21%
FinnishTerve
21%
LatvianSveiki
14%
SerbianZdravo
14%
PolishDzień dobry
10%
DutchGoedendag
10%
IrishDia duit
7%

Score Distribution

Percentile by Number Answered

Percent of People with Each Score

Your Score History

You have not taken this quiz